000 00744nam a2200265 i 4500
003 DO-SdBNP
005 20240819142736.0
007 ta
008 240819b2023 dr a|||| |||| 00| 0 spa d
020 _a9789993466468
040 _aDO-SdBNP
_bspa
_cBNPHU
_erda
041 _hspa
082 4 _bN682b
_222
100 1 _aNieve Gil, Johnny E.
_eautor
_986353
245 1 0 _aBienvenida al alba del otoño /
_cJohnny F. Nieves Gil
264 _aSanto Domingo :
_bEduprogreso,
_c2023
300 _a9 páginas ;
_c24 cm.
336 _2rdacontent
_atexto
_btxt
337 _2rdamedia
_asin mediación
_bn
338 _2rdacarrier
_avolumen
_bnc
500 _alibro autobiografiado
590 _aInventariado, 2024/DG
910 _aDG
942 _2ddc
_cLF2
999 _c57478
_d57478